000 00509nam a2200181Ia 4500
005 20250508163535.0
008 008 250505s9999 xx 000 0 eng d
037 _aTextual
040 _aFEDL
_beng
_cFEDL
041 _aeng
_2eng
084 _a822, SHA
_qFEDL
100 _aSharma Vera
_9775592
245 0 _aChameleon and six other radio plays
260 _aNew York, USA
_bA Writers Workshop Publication
_c1991
300 _a168p.
942 _cTEXL
_h822, SHA
999 _c1383967
_d1383967